জলেশ্বরী: (Record no. 896)

MARC details
000 -LEADER
fixed length control field 00750nam a22002057a 4500
003 - CONTROL NUMBER IDENTIFIER
control field BD-DhCDI
005 - DATE AND TIME OF LATEST TRANSACTION
control field 20251026084957.0
008 - FIXED-LENGTH DATA ELEMENTS--GENERAL INFORMATION
fixed length control field 251026b bg ||||| |||| 00| 0 ben d
020 ## - INTERNATIONAL STANDARD BOOK NUMBER
International Standard Book Number 9789849127291
Qualifying information paper back
040 ## - CATALOGING SOURCE
Original cataloging agency BD-DhCDI
Language of cataloging BD-DhCDI
Transcribing agency BD-DhCDI
082 ## - DEWEY DECIMAL CLASSIFICATION NUMBER
Edition number 23
Classification number 891.443
Item number HOJ 2017
100 ## - MAIN ENTRY--PERSONAL NAME
Personal name হক, সৈয়দ শামসুল
Relator term লেখক
9 (RLIN) 1629
245 ## - TITLE STATEMENT
Title জলেশ্বরী:
Remainder of title উপন্যাস ও গল্প সংগ্রহ খণ্ড ১ /
Statement of responsibility, etc. সৈয়দ শামসুল হক
246 ## - VARYING FORM OF TITLE
Title proper/short title Jolersori :
260 ## - PUBLICATION, DISTRIBUTION, ETC.
Place of publication, distribution, etc. Dhaka;
Name of publisher, distributor, etc. Pathak Shamabesh,
Date of publication, distribution, etc. January 2017.
300 ## - PHYSICAL DESCRIPTION
Extent 627 p.:
Dimensions 21 cm.
650 ## - SUBJECT ADDED ENTRY--TOPICAL TERM
Source of heading or term Fiction
Topical term or geographic name entry element Bengali Literature
651 ## - SUBJECT ADDED ENTRY--GEOGRAPHIC NAME
Geographic name Collected Stories
9 (RLIN) 1630
942 ## - ADDED ENTRY ELEMENTS (KOHA)
Source of classification or shelving scheme Dewey Decimal Classification
Koha item type Books
Holdings
Withdrawn status Lost status Source of classification or shelving scheme Damaged status Not for loan Home library Current library Shelving location Date acquired Source of acquisition Total Checkouts Full call number Barcode Date due Date last seen Date last checked out Copy number Price effective from Koha item type
    Dewey Decimal Classification     Caritas Development Institute Library Caritas Development Institute Library New Materials Shelf 25/09/2025 Purchase 1 891.443 HOJ 2017 12332 11/03/2026 01/03/2026 01/03/2026 1 26/10/2025 Books